Бизнес-карта-2003. [Промышленность. Отрасль. Деловые справочники]. Т. 10-2: СНГ (Запись № 1071730)
[ простой вид ]
| 000 -МАРКЕР | |
|---|---|
| контрольное поле | 01527nam2a2200289 4500 |
| 001 - ИДЕНТИФИКАТОР ЗАПИСИ | |
| контрольное поле | RU\NLR\bibl\491354 |
| 005 - ИДЕНТИФИКАТОР ВЕРСИИ | |
| контрольное поле | 20250623195304.0 |
| 010 ## - МЕЖДУНАРОДНЫЙ СТАНДАРТНЫЙ НОМЕР КНИГИ (ISBN) | |
| Номер (ISBN) | 5-246-00668-9 |
| 021 ## - НОМЕР ГОСУДАРСТВЕННОЙ РЕГИСТРАЦИИ | |
| Код страны | российская федерация |
| Номер | 2003-72297 |
| Номер Листа государственной регистраци | 3585 |
| 035 ## - ДРУГИЕ СИСТЕМНЫЕ НОМЕРА | |
| Идентификатор записи | (NLR Aleph) 000484025 |
| 100 ## - ДАННЫЕ ОБЩЕЙ ОБРАБОТКИ | |
| Данные общей обработки | 20040216d2003 |||y0rusy50 ca |
| 101 0# - ЯЗЫК РЕСУРСА | |
| Язык текста, звукозаписи и т.д. | русский |
| 102 ## - СТРАНА ПУБЛИКАЦИИ ИЛИ ПРОИЗВОДСТВА | |
| Страна публикации | российская федерация |
| 105 ## - ПОЛЕ КОДИРОВАННЫХ ДАННЫХ: ТЕКСТОВЫЕ МАТЕРИАЛЫ, МОНОГРАФИЧЕСКИЕ | |
| Кодированные данные о монографическом текстовом документе | y ||||||||| |
| 200 1# - ЗАГЛАВИЕ И СВЕДЕНИЯ ОБ ОТВЕТСТВЕННОСТИ | |
| Основное заглавие | СНГ |
| 210 ## - ПУБЛИКАЦИЯ, РАСПРОСТРАНЕНИЕ И ДР. | |
| Дата издания, распространения и т.д. | 2003 |
| Место издания, распространения и т.д. | Б. м. |
| 215 ## - ФИЗИЧЕСКАЯ ХАРАКТЕРИСТИКА | |
| Специфическое обозначение материала и объем | 354,[1] c. |
| Размеры | 21 |
| 320 ## - ПРИМЕЧАНИЯ О НАЛИЧИИ В ДОКУМЕНТЕ БИБЛИОГРАФИИ / УКАЗАТЕЛЯ | |
| Текст примечания | Указатели: с. 11-74 |
| 461 #0 - УРОВЕНЬ НАБОРА | |
| Встроенное поле | 001RU\NLR\bibl\499845 |
| -- | 2001#$aБизнес-карта-2003. [Промышленность. Отрасль. Деловые справочники]$vТ. 10-2 |
| Системный номер (АБИС) связанной записи | 1122284 |
| Место публикации | М. |
| Дата публикации | 2003 |
| Первые сведения об ответственности | Агентство деловой информации [Бизнес-карта] |
| Заглавие части | Пищевая промышленность. Кондитерские изделия. Пищеконцентраты. Сахар. Чай. кофе. Макаронные изделия |
| Имя издателя, распространителя и т.д. | АДИ "Бизнес-карта" |
| Заглавие | Бизнес-карта-2003. [Промышленность. Отрасль. Деловые справочники] |
| Номер тома | Т. 10-2 |
| 606 1# - НАИМЕНОВАНИЕ ТЕМЫ КАК ПРЕДМЕТ | |
| Наименование темы | Пищевкусовая промышленность |
| Формальный подзаголовок | Бизнес-карты |
| Географический подзаголовок | Страны СНГ |
| Системный номер авторитетной/нормативной записи | 2137826 |
| Идентификатор авторитетной/нормативной записи | RU\NLR\auth\661288890 |
| 606 1# - НАИМЕНОВАНИЕ ТЕМЫ КАК ПРЕДМЕТ | |
| Наименование темы | Пищевая промышленность |
| Формальный подзаголовок | Бизнес-карты |
| Географический подзаголовок | Страны СНГ |
| Системный номер авторитетной/нормативной записи | 2188550 |
| Идентификатор авторитетной/нормативной записи | RU\NLR\auth\661315727 |
| 801 #0 - ИСТОЧНИК ЗАПИСИ | |
| Страна | российская федерация |
| Организация | NLR |
| Дата составления | 20040216 |
| Правила каталогизации | PSBO |
| 801 #1 - ИСТОЧНИК ЗАПИСИ | |
| Страна | российская федерация |
| Организация | NLR |
| Дата составления | 20040216 |
| 942 ## - ДОПОЛНИТЕЛЬНЫЕ ЭЛЕМЕНТЫ ЗАПИСИ (АБИС) | |
| Тип экземпляра АБИС | Книга |
| 980 ## - КОЛЛЕКЦИЯ | |
| Название коллекции | Национальная библиография |
| Тип экземпляра | Дата поступления | Источник поступления | Библиотека постоянного хранения | Библиотека текущего хранения | Место хранения | Шифр хранения | Штрих-код | Статус не для выдачи |
|---|---|---|---|---|---|---|---|---|
| Книга | 16.02.2004 | Обязательный экземпляр | РНБ (Московский) | РНБ (Московский) | Русский книжный фонд: издания с 1957 года, 3этаж | 2004-3/3361 | 637311 | |
| Книга | 16.02.2004 | Обязательный экземпляр | РНБ (Московский) | РНБ (Московский) | Русский книжный фонд: издания с 1957 года, 3этаж | 2004-3/3361 | 637312 |